• 首页
  • 本馆介绍
  • 公告通知
  • 最新文献
  • 馆藏检索
  • 电子资源
  • 读者导购
  • 参考咨询
  • 我的图书馆
  • 登录
  • 详细信息显示
  • 放入我的书架
  • 预约/预借图书
  • 作者相关作品
  • 分类相关作品
  • 丛书相关作品
  • 出版社相关作品

书目信息

  • 表格格式
  • 工作单格式
  • 卡片格式
题名:
浙北近岸海域常见大中型浮游动物
    
 
作者: 王晓波 主编
分册:  
出版信息: 北京   海洋出版社  2016.10
页数: 175页
开本: 26cm
丛书名:
单 册:
中图分类: Q958.8-64
科图分类:
主题词: 近海--海洋浮游动物--浙江--图集
电子资源:
ISBN: 978-7-5027-9591-7
000 00773nam0 2200229 450
001 0400001514
005 20171018151637.0
010    @a978-7-5027-9591-7@dCNY48.00
100    @a20170215e2016 em y0chiy50 ea
101 0  @achi
102    @aCN@b110000
105    @aa z 000yy
106    @ar
200 1  @a浙北近岸海域常见大中型浮游动物@9zhe bei jin an hai yu chang jian da zhong xing fu you dong wu@f王晓波主编
210    @a北京@c海洋出版社@d2016.10
215    @a175页@d26cm
330    @a本书主要内容包括:刺胞动物门、栉板动物门、软体动物门、节肢动物门、毛颚动物门、尾索动物门等。
606 0  @a近海@x海洋浮游动物@y浙江@j图集
690    @aQ958.8-64@v5
701  0 @a王晓波@9wang xiao bo@4主编
801  0 @aCN@b91MARC@c20171018
905    @b1025266-70@dQ958.8-64@f5@e182
    
    浙北近岸海域常见大中型浮游动物/王晓波主编.-北京:海洋出版社,2016.10
    175页;26cm
    
    
    ISBN 978-7-5027-9591-7:CNY48.00
    本书主要内容包括:刺胞动物门、栉板动物门、软体动物门、节肢动物门、毛颚动物门、尾索动物门等。
●
相关链接 在E读中查询图书 在五车中查询图书 在当当中查询图书 在豆瓣中查询图书


正题名:浙北近岸海域常见大中型浮游动物     索取号:Q958.8-64/182         预约/预借

序号 登录号 条形码 馆藏地/架位号 状态 备注
1 1025266   210252661   第二样本阅览室/ [索取号:Q958.8-64/182] 在馆    
2 1025267   210252670   密集书库-生命科学系/ [索取号:Q958.8-64/182] 在馆    
3 1025268   210252689   第三借阅区/ [索取号:Q958.8-64/182] 在馆    
4 1025269   210252698   第三借阅区/ [索取号:Q958.8-64/182] 在馆    
5 1025270   210252705   第三借阅区/ [索取号:Q958.8-64/182] 在馆    
唐山师范学院图书馆 欢迎您!
大连网信软件有限公司© 版权所有